000 00642nam a2200217 i 4500
001 81723
003 ES-MaACL
005 20230906174511.0
007 t|
008 041105s1980 sp ||||1| spa d
100 1 _aHuxley, Aldous,
_d1894-1963
_964858
245 1 3 _aLa isla /
_cAldous Huxley ; [traducción de Froreal Mazia].
250 _a[5ª ed.].
260 _a[Barcelona] :
_bEdhasa,
_c[1980]
300 _a379 p. ;
_c21 cm.
490 1 _aNarrativas contemporáneas
700 1 _aFroreal, Mazia.
_952745
830 0 _aNarrativas contemporáneas
_9181387
852 _aES-MaACL
_jL-7680
_bR.107488
999 _c81723
_d81723